[Event "PRO League Prelim"]
[Site "chess.com INT"]
[Date "2023.03.02"]
[Round "3.2"]
[White "Sevian, Samuel"]
[Black "Hansen, Eric"]
[Result "1-0"]
[WhiteElo "2687"]
[BlackElo "2609"]
[PlyCount "87"]
[GameId "2130307563554831"]
[EventDate "2023.02.14"]
[EventType "team (rapid)"]
[EventRounds "5"]
[EventCountry "NET"]
[SourceTitle "The Week in Chess 1478"]
[Source "Mark Crowther"]
[SourceDate "2023.03.06"]
[SourceVersion "1"]
[SourceVersionDate "2023.03.06"]
[SourceQuality "2"]
[WhiteTeam "Garden State Passers"]
[BlackTeam "Canada ChessBrahs"]

1. c4 e5 2. g3 Nf6 3. Bg2 d5 4. cxd5 Nxd5 5. Nf3 Nc6 6. O-O Nb6 7. b3 Bg4 8. Bb2 Qe7 9. d3 O-O-O 10. Nbd2 f6 11. Rc1 Qe6 12. Rxc6 bxc6 13. Qc2 Bh3 14. Bxh3 Qxh3 15. Qxc6 Qd7 16. Qc2 Kb7 17. Rc1 c5 18. Ne4 Rc8 19. a4 Be7 20. Ba3 c4 21. Bxe7 cxb3 22. Nc5+ Rxc5 23. Qxc5 Rc8 24. Qa3 Rxc1+ 25. Qxc1 Qxe7 26. a5 Qb4 27. axb6 axb6 28. Qb2 Qa4 29. Nd2 Qa2 30. Qc3 Qc2 31. Qxb3 Qxd2 32. Qf7+ Ka6 33. Qxg7 Qxe2 34. Qxh7 b5 35. Qe7 Qe1+ 36. Kg2 b4 37. h4 Kb5 38. h5 Qe2 39. Qd7+ Kc5 40. Qc7+ Kd5 41. Qc4+ Kd6 42. Qxb4+ Ke6 43. Qc4+ Ke7 44. g4 1-0

[Event "PRO League Prelim"]
[Site "chess.com INT"]
[Date "2023.03.02"]
[Round "3.3"]
[White "Yip, Carissa"]
[Black "Hansen, Eric"]
[Result "1/2-1/2"]
[WhiteElo "2369"]
[BlackElo "2609"]
[PlyCount "83"]
[GameId "2130307563554840"]
[EventDate "2023.02.14"]
[EventType "team (rapid)"]
[EventRounds "5"]
[EventCountry "NET"]
[SourceTitle "The Week in Chess 1478"]
[Source "Mark Crowther"]
[SourceDate "2023.03.06"]
[SourceVersion "1"]
[SourceVersionDate "2023.03.06"]
[SourceQuality "2"]
[WhiteTeam "Garden State Passers"]
[BlackTeam "Canada ChessBrahs"]

1. e4 c5 2. Nf3 e6 3. d4 cxd4 4. Nxd4 a6 5. c4 Nf6 6. Nc3 Qc7 7. a3 b6 8. Bd3 Bb7 9. O-O Nc6 10. Nxc6 Bxc6 11. f4 h5 12. b4 a5 13. Rb1 axb4 14. axb4 d6 15. Bb2 Be7 16. h3 h4 17. Rc1 Qb8 18. Qe2 Nh5 19. Qg4 Bf6 20. e5 dxe5 21. Bg6 Kf8 22. Bxh5 exf4 23. Rce1 Qd6 24. b5 Bb7 25. Kh1 Qb4 26. Bxf7 Qxb2 27. Nd5 Bxd5 28. cxd5 Kxf7 29. Qxe6+ Kg6 30. Qg4+ Kh6 31. Qxf4+ Kg6 32. Qf5+ Kh6 33. Qf4+ Bg5 34. Re6+ g6 35. Rxg6+ Kxg6 36. Qf7+ Kh6 37. Qe6+ Kh5 38. Qg4+ Kh6 39. Qe6+ Kh5 40. Qg4+ Kg6 41. Qf5+ Kh5 42. Qg4+ 1/2-1/2

[Event "PRO League Prelim"]
[Site "chess.com INT"]
[Date "2023.03.02"]
[Round "3.4"]
[White "Hansen, Eric"]
[Black "Mishra, Abhimanyu"]
[Result "0-1"]
[WhiteElo "2609"]
[BlackElo "2548"]
[PlyCount "102"]
[GameId "2130307563554842"]
[EventDate "2023.02.14"]
[EventType "team (rapid)"]
[EventRounds "5"]
[EventCountry "NET"]
[SourceTitle "The Week in Chess 1478"]
[Source "Mark Crowther"]
[SourceDate "2023.03.06"]
[SourceVersion "1"]
[SourceVersionDate "2023.03.06"]
[SourceQuality "2"]
[WhiteTeam "Canada ChessBrahs"]
[BlackTeam "Garden State Passers"]

1. e4 c5 2. Nf3 d6 3. d4 cxd4 4. Nxd4 Nf6 5. Nc3 a6 6. Be3 e5 7. Nb3 Be7 8. h3 h6 9. Qf3 b5 10. O-O-O b4 11. Nd5 Nxd5 12. exd5 a5 13. Bd3 Qc7 14. Kb1 Nd7 15. g4 Ba6 16. Bxa6 Rxa6 17. Qe2 Ra8 18. h4 O-O 19. g5 h5 20. g6 a4 21. Nd2 Nf6 22. gxf7+ Rxf7 23. Qd3 e4 24. Qc4 Rc8 25. Qxc7 Rxc7 26. Bg5 Ng4 27. Nxe4 Nxf2 28. Nxf2 Rxf2 29. Rd2 Rxd2 30. Bxd2 Rc4 31. Be1 Rd4 32. Kc1 Bf6 33. Rh3 Be5 34. Bd2 Kf7 35. a3 bxa3 36. Rxa3 Rxh4 37. Rf3+ Kg6 38. c3 Rh1+ 39. Kc2 h4 40. c4 h3 41. Bc3 h2 42. Rh3 Bxc3 43. bxc3 a3 44. Rg3+ Kh7 45. Rh3+ Kg8 46. Kb3 Rb1+ 47. Kxa3 h1=Q 48. Rxh1 Rxh1 49. c5 dxc5 50. Kb3 Kf7 51. Kc4 Rc1 0-1

[Event "Titled Tuesday 2023.01.24 Late"]
[Site "chess.com INT"]
[Date "2023.01.24"]
[Round "1"]
[White "Kaplan, Avi Harrison"]
[Black "Hansen, Eric"]
[Result "0-1"]
[WhiteElo "2083"]
[BlackElo "2609"]
[PlyCount "100"]
[GameId "2130307564327751"]
[EventDate "2023.01.24"]
[EventType "swiss (blitz)"]
[EventRounds "11"]
[EventCountry "NET"]
[SourceTitle "The Week in Chess 1473"]
[Source "Mark Crowther"]
[SourceDate "2023.01.30"]
[SourceVersion "1"]
[SourceVersionDate "2023.01.30"]
[SourceQuality "2"]

1. b4 e5 2. Bb2 Bxb4 3. Bxe5 Nf6 4. c4 Nc6 5. Bb2 O-O 6. Nf3 d5 7. e3 Re8 8. cxd5 Nxd5 9. Be2 Be7 10. O-O Bf6 11. Bxf6 Qxf6 12. Na3 Bf5 13. Qb3 Nb6 14. Rac1 Rad8 15. Rfd1 h6 16. Nb5 Re7 17. Nc3 Ne5 18. d4 Nxf3+ 19. Bxf3 c6 20. d5 cxd5 21. Nxd5 Nxd5 22. Rxd5 Rxd5 23. Bxd5 b6 24. h3 h5 25. Rc6 Qa1+ 26. Kh2 Qe5+ 27. Kg1 g6 28. Bf3 Qa1+ 29. Kh2 Qe5+ 30. Kg1 Be6 31. Qc3 Qxc3 32. Rxc3 Bxa2 33. Ra3 Bc4 34. Bc6 Rc7 35. Be4 a5 36. f4 h4 37. Kf2 Be6 38. Ke2 Rc4 39. Bd3 Rb4 40. Rc3 a4 41. Rc7 a3 42. Ra7 a2 43. f5 gxf5 44. Kf3 Rb1 45. Bxb1 axb1=Q 46. Kf4 Kg7 47. Ra4 Qe1 48. g4 Qg3+ 49. Kg5 f6+ 50. Kh5 Bf7# 0-1

[Event "Titled Tuesday 2023.01.24 Late"]
[Site "chess.com INT"]
[Date "2023.01.24"]
[Round "3"]
[White "Risteski, Emil"]
[Black "Hansen, Eric"]
[Result "0-1"]
[WhiteElo "2378"]
[BlackElo "2609"]
[PlyCount "78"]
[GameId "2130307564331928"]
[EventDate "2023.01.24"]
[EventType "swiss (blitz)"]
[EventRounds "11"]
[EventCountry "NET"]
[SourceTitle "The Week in Chess 1473"]
[Source "Mark Crowther"]
[SourceDate "2023.01.30"]
[SourceVersion "1"]
[SourceVersionDate "2023.01.30"]
[SourceQuality "2"]

1. e4 c5 2. Nc3 Nc6 3. f4 g6 4. Nf3 Bg7 5. Bb5 Nd4 6. O-O Nxb5 7. Nxb5 d5 8. exd5 a6 9. Nc3 Nf6 10. d4 Nxd5 11. dxc5 Nxc3 12. Qxd8+ Kxd8 13. bxc3 Bxc3 14. Rb1 f6 15. Rb3 Ba5 16. Rd1+ Kc7 17. f5 Bxf5 18. Bf4+ Kc8 19. c6 bxc6 20. Nd4 Bd7 21. Rdb1 e5 22. Bg3 Kd8 23. Nf3 Bc7 24. Rd1 Kc8 25. Nd2 Be6 26. Rc3 Bd5 27. Nb3 Rd8 28. Bh4 g5 29. Bf2 a5 30. a4 f5 31. Nc5 f4 32. Re1 Re8 33. Rh3 e4 34. Rxh7 e3 35. Kf1 Bc4+ 36. Nd3 Rb8 37. Bg1 Rb2 38. h4 Rxc2 39. Rd1 e2+ 0-1

[Event "Titled Tuesday 2023.01.24 Late"]
[Site "chess.com INT"]
[Date "2023.01.24"]
[Round "4"]
[White "Hansen, Eric"]
[Black "Zhu, Jiner"]
[Result "1/2-1/2"]
[WhiteElo "2609"]
[BlackElo "2486"]
[PlyCount "117"]
[GameId "2130307564336043"]
[EventDate "2023.01.24"]
[EventType "swiss (blitz)"]
[EventRounds "11"]
[EventCountry "NET"]
[SourceTitle "The Week in Chess 1473"]
[Source "Mark Crowther"]
[SourceDate "2023.01.30"]
[SourceVersion "1"]
[SourceVersionDate "2023.01.30"]
[SourceQuality "2"]

1. d4 Nf6 2. c4 g6 3. Nc3 Bg7 4. e4 d6 5. h3 O-O 6. Nf3 e5 7. d5 Nh5 8. g3 f5 9. exf5 gxf5 10. Nh4 Qe8 11. Be2 Nf6 12. Qc2 Na6 13. Bg5 Nc5 14. O-O-O Nfe4 15. Nxe4 Nxe4 16. Be3 c6 17. g4 cxd5 18. Nxf5 Rxf5 19. gxf5 Bxf5 20. Bd3 Rc8 21. f3 Ng3 22. Rhg1 Rxc4 23. Bxc4 Bxc2 24. Bxd5+ Kh8 25. Kxc2 Nf5 26. Bf2 e4 27. Bxe4 Qe5 28. Kd3 d5 29. Bxf5 Qxf5+ 30. Ke2 Qe6+ 31. Kd3 Qf5+ 32. Ke2 Qe6+ 33. Kd3 Qxh3 34. Rg3 Qf5+ 35. Ke2 Be5 36. Rg4 h5 37. Rb4 b6 38. Rxd5 Qe6 39. Rd8+ Kh7 40. Re4 Qf6 41. Rd7+ Kg6 42. b3 Qc6 43. Rxa7 Qc2+ 44. Kf1 Bf6 45. Rd7 h4 46. Rd6 Kf5 47. Rd5+ Kg6 48. Rg4+ Kf7 49. Kg2 h3+ 50. Kg3 h2 51. Rh5 Be5+ 52. f4 Qd3+ 53. Kg2 Bf6 54. Rxh2 Qe4+ 55. Kg3 Qd3+ 56. Kg2 Qe4+ 57. Kh3 Qh7+ 58. Kg3 Qd3+ 59. Kg2 1/2-1/2

[Event "Titled Tuesday 2023.01.24 Late"]
[Site "chess.com INT"]
[Date "2023.01.24"]
[Round "9"]
[White "Hansen, Eric"]
[Black "Martinez Alcantara, Jose Eduardo"]
[Result "1-0"]
[WhiteElo "2609"]
[BlackElo "2603"]
[PlyCount "167"]
[GameId "2130307564344386"]
[EventDate "2023.01.24"]
[EventType "swiss (blitz)"]
[EventRounds "11"]
[EventCountry "NET"]
[SourceTitle "The Week in Chess 1473"]
[Source "Mark Crowther"]
[SourceDate "2023.01.30"]
[SourceVersion "1"]
[SourceVersionDate "2023.01.30"]
[SourceQuality "2"]

1. e4 c5 2. Nf3 d6 3. Bb5+ Nd7 4. c3 Ngf6 5. Qe2 a6 6. Ba4 b5 7. Bc2 Bb7 8. O-O e6 9. d4 Qc7 10. Bd3 Be7 11. Nbd2 O-O 12. Re1 e5 13. d5 Rfe8 14. b3 Nb6 15. c4 b4 16. Nf1 a5 17. Ng3 g6 18. h3 Bf8 19. Bg5 Bg7 20. Qd2 Nbd7 21. Bh6 Qd8 22. Rf1 Qe7 23. Bxg7 Kxg7 24. Nh4 Kh8 25. Nf3 a4 26. Rab1 Bc8 27. Bc2 Nb6 28. Rb2 Ng8 29. Nh2 f6 30. Bd3 axb3 31. axb3 Ra3 32. Bb1 Bd7 33. Ne2 Bc8 34. Bc2 Nd7 35. Nc1 Bb7 36. Nd3 Rea8 37. Bb1 Bc8 38. Ng4 Nf8 39. Ne3 g5 40. Qd1 Ng6 41. Ne1 Ra1 42. N1c2 R1a7 43. Ne1 Nf4 44. Nf3 Nh6 45. Nh2 Qg7 46. Nhg4 Nxg4 47. hxg4 Ra1 48. g3 Ng6 49. Kg2 Kg8 50. Rh1 Nf8 51. Qf3 Ng6 52. Nc2 R1a7 53. Ne3 Ra1 54. Nc2 R1a7 55. Ne3 Ne7 56. Rh2 Bd7 57. Re2 Ra3 58. Nc2 R3a6 59. Re1 Be8 60. Reh1 Bg6 61. Ne3 Ra1 62. Nf5 Nxf5 63. gxf5 Bf7 64. g4 h5 65. gxh5 Qh6 66. Qe3 R8a3 67. Qd3 Kg7 68. Qc2 Ra7 69. Qb2 R1a3 70. Qc2 Kf8 71. Qd1 Ke7 72. Qc2 Ra8 73. Qd1 Rh8 74. Bd3 Rha8 75. Bb1 R8a7 76. Qc2 Ra1 77. Qb2 Be8 78. Qc2 Kd8 79. Qb2 R1a3 80. Qc2 g4 81. Qd1 Rg7 82. Rh4 g3 83. Rg4 gxf2 84. Rg6 1-0

[Event "Titled Tuesday 2023.01.24 Late"]
[Site "chess.com INT"]
[Date "2023.01.24"]
[Round "11"]
[White "Hansen, Eric"]
[Black "Perske, Thore"]
[Result "0-1"]
[WhiteElo "2609"]
[BlackElo "2434"]
[PlyCount "144"]
[GameId "2130307564348526"]
[EventDate "2023.01.24"]
[EventType "swiss (blitz)"]
[EventRounds "11"]
[EventCountry "NET"]
[SourceTitle "The Week in Chess 1473"]
[Source "Mark Crowther"]
[SourceDate "2023.01.30"]
[SourceVersion "1"]
[SourceVersionDate "2023.01.30"]
[SourceQuality "2"]

1. e4 e6 2. d4 d5 3. Nc3 Bb4 4. e5 c5 5. a3 Bxc3+ 6. bxc3 Qa5 7. Bd2 Qa4 8. Qb1 c4 9. h4 Nc6 10. Nf3 Nge7 11. h5 h6 12. Be2 Bd7 13. O-O O-O-O 14. Nh2 Rdg8 15. Ng4 b6 16. Bf4 Qa5 17. Qe1 Qa4 18. Qd2 Kb7 19. Rfb1 Nf5 20. g3 Rf8 21. Rb2 Rfg8 22. Bf1 Rf8 23. Bg2 Rfg8 24. Qe1 Re8 25. Bh3 Ref8 26. Bd2 Rfg8 27. Nh2 Nfe7 28. Nf1 Kc7 29. Ne3 Kc8 30. Qd1 Kc7 31. Qf3 Rf8 32. Qh1 Rfg8 33. Bg2 Kc8 34. Bf3 Kc7 35. Qh3 Kc8 36. Bg4 Kc7 37. f4 Rf8 38. f5 exf5 39. Nxf5 Nxf5 40. Bxf5 Ne7 41. Bg4 Bxg4 42. Qxg4 Qd7 43. Qf3 Qf5 44. Qxf5 Nxf5 45. Kg2 g5 46. Rf1 Ng7 47. g4 f5 48. exf6 Ne8 49. Be1 Rxf6 50. Bg3+ Kc6 51. Rbb1 Rhf8 52. Rxf6+ Rxf6 53. Re1 Kd7 54. Re5 Nc7 55. a4 a6 56. Rf5 Rxf5 57. gxf5 Ne8 58. Be5 Ke7 59. Kf3 Nf6 60. Bc7 b5 61. axb5 axb5 62. Be5 Nxh5 63. Kg2 Nf6 64. Kf3 Kf7 65. Kg2 Ne4 66. Kf3 h5 67. Ke3 Nxc3 68. Kf3 Ne4 69. Ke3 b4 70. Kf3 b3 71. cxb3 cxb3 72. Ke2 b2 0-1

[Event "Wch-Blitz"]
[Site "Almaty KAZ"]
[Date "2022.12.29"]
[Round "1"]
[White "Hansen, Eric"]
[Black "Suleimen, Ergali"]
[Result "1/2-1/2"]
[WhiteElo "2568"]
[BlackElo "2050"]
[PlyCount "117"]
[GameId "2130307565352790"]
[EventDate "2022.12.29"]
[EventType "swiss (blitz)"]
[EventRounds "21"]
[EventCountry "KAZ"]
[SourceTitle "10 Days #709"]
[Source "ChessMix"]
[SourceDate "2023.01.01"]
[SourceVersion "1"]
[SourceVersionDate "2023.01.01"]
[SourceQuality "1"]

1. e4 c5 2. Nf3 Nc6 3. Bb5 g6 4. Bxc6 dxc6 5. d3 Bg7 6. h3 Nf6 7. Nc3 Nd7 8. Be3 e5 9. Qd2 h6 10. O-O b6 11. Nh2 Nf8 12. f4 exf4 13. Bxf4 Ne6 14. Be3 Nd4 15. Rae1 Be6 16. b3 Qd7 17. Ne2 Nxe2+ 18. Qxe2 O-O-O 19. a4 Kb7 20. Rd1 f5 21. Nf3 g5 22. exf5 Bxf5 23. Qf2 Rhf8 24. Qg3 Qc7 25. Qxc7+ Kxc7 26. Rde1 Rd7 27. Nd2 Re7 28. Nc4 Be6 29. Nd2 Bd5 30. Rxf8 Bxf8 31. Nf1 Rf7 32. Re2 Bd6 33. Bf2 Re7 34. Ne3 Kd7 35. Kf1 Bf4 36. Re1 h5 37. Re2 g4 38. hxg4 hxg4 39. g3 Bxe3 40. Rxe3 Rxe3 41. Bxe3 Bf3 42. Ke1 Ke6 43. Kd2 Kd5 44. Bf4 a6 45. Bc7 b5 46. c4+ Ke6 47. Bb6 Kd6 48. Ba7 Bg2 49. Ke3 Bf3 50. Kd2 Bg2 51. Bb8+ Kd7 52. Bf4 Bf3 53. Bh6 Kc7 54. Bf8 Kb6 55. Be7 a5 56. Kc3 Bd1 57. Bd8+ Ka6 58. axb5+ cxb5 59. cxb5+ 1/2-1/2

[Event "Wch-Blitz"]
[Site "Almaty KAZ"]
[Date "2022.12.29"]
[Round "2"]
[White "Nissinen, Niilo Man"]
[Black "Hansen, Eric"]
[Result "0-1"]
[WhiteElo "1896"]
[BlackElo "2568"]
[PlyCount "48"]
[GameId "2130307565356988"]
[EventDate "2022.12.29"]
[EventType "swiss (blitz)"]
[EventRounds "21"]
[EventCountry "KAZ"]
[SourceTitle "10 Days #709"]
[Source "ChessMix"]
[SourceDate "2023.01.01"]
[SourceVersion "1"]
[SourceVersionDate "2023.01.01"]
[SourceQuality "1"]

1. e4 c5 2. Nf3 e6 3. d4 cxd4 4. Nxd4 a6 5. Nc3 Qc7 6. g3 Nf6 7. Bg2 d6 8. O-O Be7 9. a4 O-O 10. Be3 Nbd7 11. f4 Nb6 12. Qe1 Nc4 13. Bc1 Qb6 14. Nce2 e5 15. Qc3 Na5 16. Be3 exd4 17. Bxd4 Qd8 18. e5 dxe5 19. fxe5 Nd5 20. Qf3 Be6 21. b3 Nc6 22. Bb2 Qb6+ 23. Kh1 Ne3 24. Rfc1 Bd5 0-1

[Event "Wch-Blitz"]
[Site "Almaty KAZ"]
[Date "2022.12.29"]
[Round "3"]
[White "Hansen, Eric"]
[Black "Grischuk, Alexander"]
[Result "1-0"]
[WhiteElo "2568"]
[BlackElo "2763"]
[PlyCount "55"]
[GameId "2130307565361135"]
[EventDate "2022.12.29"]
[EventType "swiss (blitz)"]
[EventRounds "21"]
[EventCountry "KAZ"]
[SourceTitle "10 Days #709"]
[Source "ChessMix"]
[SourceDate "2023.01.01"]
[SourceVersion "1"]
[SourceVersionDate "2023.01.01"]
[SourceQuality "1"]

1. e4 e6 2. d4 d5 3. Nc3 Nf6 4. Bg5 dxe4 5. Nxe4 Be7 6. Bxf6 gxf6 7. Nf3 f5 8. Nc3 a6 9. g3 b5 10. Bg2 Bb7 11. O-O O-O 12. Qe2 c5 13. Rad1 b4 14. Na4 cxd4 15. Nxd4 Bxg2 16. Nxf5 Bd5 17. Rxd5 exd5 18. Qg4+ Bg5 19. h4 Nc6 20. hxg5 Re8 21. Nc5 Re5 22. Nh6+ Kg7 23. f4 Re8 24. Nd3 Nd4 25. f5 Nxc2 26. Qh5 Qc7 27. Kh2 Re2+ 28. Qxe2 1-0

[Event "Wch-Blitz"]
[Site "Almaty KAZ"]
[Date "2022.12.29"]
[Round "4"]
[White "Amin, Bassem"]
[Black "Hansen, Eric"]
[Result "0-1"]
[WhiteElo "2713"]
[BlackElo "2568"]
[PlyCount "97"]
[GameId "2130307565365289"]
[EventDate "2022.12.29"]
[EventType "swiss (blitz)"]
[EventRounds "21"]
[EventCountry "KAZ"]
[SourceTitle "10 Days #709"]
[Source "ChessMix"]
[SourceDate "2023.01.01"]
[SourceVersion "1"]
[SourceVersionDate "2023.01.01"]
[SourceQuality "1"]

1. e4 e6 2. d4 d5 3. e5 c5 4. c3 Nc6 5. Nf3 Bd7 6. Be2 Nge7 7. O-O Nf5 8. dxc5 Bxc5 9. Bd3 Nh4 10. Nbd2 O-O 11. b4 Bb6 12. b5 Na5 13. Qa4 Ng6 14. Ba3 Re8 15. Qg4 f5 16. exf6 Qxf6 17. Qh5 Bd8 18. c4 Nxc4 19. Nxc4 dxc4 20. Bxc4 Nf4 21. Qe5 Rc8 22. Rac1 Bc7 23. Bd6 Qxe5 24. Bxe5 Kf8 25. Rfd1 Ke7 26. a4 Red8 27. g3 Nh3+ 28. Kg2 Bxe5 29. Nxe5 Ng5 30. f4 Ne4 31. Nxd7 Rc7 32. Ne5 Rdc8 33. Rc2 Nd6 34. Rdc1 Nf5 35. Kf2 Nd4 36. Rc3 a6 37. Ke3 Nf5+ 38. Kf2 axb5 39. axb5 Nd6 40. R3c2 Nxb5 41. Bd3 Nc3 42. Bxh7 b5 43. Bd3 b4 44. Kg2 Rb8 45. Rb2 b3 46. Be2 Rb4 47. Bf3 Kd6 48. Nc6 Rc4 49. Rxb3 0-1

[Event "Wch-Blitz"]
[Site "Almaty KAZ"]
[Date "2022.12.29"]
[Round "5"]
[White "Hansen, Eric"]
[Black "Durarbayli, Vasif"]
[Result "1/2-1/2"]
[WhiteElo "2568"]
[BlackElo "2576"]
[PlyCount "200"]
[GameId "2130307565369487"]
[EventDate "2022.12.29"]
[EventType "swiss (blitz)"]
[EventRounds "21"]
[EventCountry "KAZ"]
[SourceTitle "10 Days #709"]
[Source "ChessMix"]
[SourceDate "2023.01.01"]
[SourceVersion "1"]
[SourceVersionDate "2023.01.01"]
[SourceQuality "1"]

1. e4 e5 2. Nf3 Nc6 3. Bb5 a6 4. Ba4 Nf6 5. O-O Be7 6. Re1 b5 7. Bb3 O-O 8. h3 Bb7 9. d3 d6 10. a3 Qd7 11. Nc3 Na5 12. Ba2 c5 13. Ne2 Nh5 14. Bd2 Nc6 15. g4 Nf6 16. Ng3 Kh8 17. Nf5 Rae8 18. Nh2 Bd8 19. g5 Ng8 20. Qg4 Bc8 21. c3 Nce7 22. Nxe7 Bxe7 23. f4 exf4 24. Bxf4 Qd8 25. Qg3 Be6 26. Bd5 Qd7 27. h4 f5 28. Bxe6 Qxe6 29. exf5 Qxf5 30. Rf1 Qd5 31. Rae1 Rf7 32. Ng4 Ref8 33. Rf2 a5 34. Bc1 Rxf2 35. Nxf2 Qf5 36. Re4 d5 37. Rf4 Qe6 38. Rxf8 Bxf8 39. Kf1 Bd6 40. Qf3 b4 41. axb4 axb4 42. cxb4 cxb4 43. Ng4 Qc8 44. Be3 Qc2 45. Bd4 Qc1+ 46. Kg2 Qd2+ 47. Nf2 Qf4 48. Qxd5 Qg3+ 49. Kf1 Bf8 50. Qf7 Qd6 51. Be3 Be7 52. d4 Qa6+ 53. Kg2 Qe2 54. Bf4 Qa6 55. Be5 Qa8+ 56. d5 Bf8 57. h5 Ne7 58. h6 Qxd5+ 59. Qxd5 Nxd5 60. Kf3 Kg8 61. Ke4 Nb6 62. hxg7 Bxg7 63. b3 Nd7 64. Bd6 Bf8 65. Kd5 Nb6+ 66. Kc6 Nc8 67. Bxf8 Kxf8 68. Kc5 Kf7 69. Kxb4 Kg6 70. Ne4 Kf5 71. Nf6 Kxg5 72. Nxh7+ Kf5 73. Kc5 Ke6 74. Kc6 Ne7+ 75. Kb6 Nd5+ 76. Kc5 Nc3 77. Kc6 Na2 78. Ng5+ Ke7 79. Ne4 Kd8 80. Kb7 Nb4 81. Nc5 Na2 82. Nd3 Kd7 83. Kb6 Kc8 84. Kb5 Nc3+ 85. Kc4 Ne4 86. Kd4 Nd6 87. Kd5 Kc7 88. Nc5 Nb5 89. b4 Na3 90. Na4 Nb5 91. Kc5 Nd6 92. Nc3 Nb7+ 93. Kb5 Nd6+ 94. Ka6 Kb8 95. Kb6 Nc4+ 96. Kc6 Na3 97. Kc5 Kb7 98. Nd1 Nc2 99. b5 Na3 100. b6 Nc4 1/2-1/2

[Event "Wch-Blitz"]
[Site "Almaty KAZ"]
[Date "2022.12.29"]
[Round "6"]
[White "Fedoseev, Vladimir"]
[Black "Hansen, Eric"]
[Result "1-0"]
[WhiteElo "2733"]
[BlackElo "2568"]
[PlyCount "107"]
[GameId "2130307565373653"]
[EventDate "2022.12.29"]
[EventType "swiss (blitz)"]
[EventRounds "21"]
[EventCountry "KAZ"]
[SourceTitle "10 Days #709"]
[Source "ChessMix"]
[SourceDate "2023.01.01"]
[SourceVersion "1"]
[SourceVersionDate "2023.01.01"]
[SourceQuality "1"]

1. e4 e5 2. Nf3 Nc6 3. Bb5 a6 4. Ba4 Nf6 5. O-O Be7 6. Re1 b5 7. Bb3 O-O 8. a4 Bb7 9. d3 d6 10. Bd2 Qd7 11. h3 Nd8 12. Nc3 Ne6 13. Bxe6 fxe6 14. b4 h6 15. Qe2 bxa4 16. Rxa4 Rab8 17. Ra5 Bd8 18. Ra3 Nh7 19. Rb1 Ra8 20. Nd1 Nf6 21. Ne3 Qe8 22. Nc4 Nh5 23. Rba1 Bf6 24. R1a2 Be7 25. Be3 Nf4 26. Bxf4 Rxf4 27. c3 Kh7 28. Qe3 Rf8 29. Qe2 Rf4 30. Rb2 Kh8 31. Ra5 Qg6 32. b5 axb5 33. Rxa8+ Bxa8 34. Rxb5 Bc6 35. Rb8+ Rf8 36. Nfxe5 dxe5 37. Nxe5 Qf6 38. Rxf8+ Bxf8 39. Nxc6 Qxc3 40. Nd8 Qb3 41. Qf3 Bd6 42. e5 Bc5 43. g3 Bd4 44. Kg2 c5 45. Nc6 Qa2 46. Nxd4 cxd4 47. Qe4 Qa4 48. h4 Kg8 49. h5 Kh8 50. f4 Qc2+ 51. Kh3 Qd1 52. Kh4 Qa1 53. Qf3 Qa7 54. g4 1-0

[Event "Wch-Blitz"]
[Site "Almaty KAZ"]
[Date "2022.12.29"]
[Round "7"]
[White "Hansen, Eric"]
[Black "Nihal, Sarin"]
[Result "1-0"]
[WhiteElo "2568"]
[BlackElo "2702"]
[PlyCount "123"]
[GameId "2130307565381928"]
[EventDate "2022.12.29"]
[EventType "swiss (blitz)"]
[EventRounds "21"]
[EventCountry "KAZ"]
[SourceTitle "10 Days #709"]
[Source "ChessMix"]
[SourceDate "2023.01.01"]
[SourceVersion "1"]
[SourceVersionDate "2023.01.01"]
[SourceQuality "1"]

1. e4 Nc6 2. Nf3 d6 3. d4 Nf6 4. d5 Nb8 5. Nc3 g6 6. Be2 Bg7 7. O-O O-O 8. a4 a5 9. Be3 Na6 10. h3 Nb4 11. Re1 Re8 12. Nd4 c6 13. Bc4 Bd7 14. Nf3 Rc8 15. dxc6 Bxc6 16. Bb3 Nd7 17. Bxf7+ Kh8 18. Bxe8 Qxe8 19. Nd5 Bxd5 20. c3 Bxe4 21. cxb4 axb4 22. Bd4 Bxf3 23. Bxg7+ Kxg7 24. Qxf3 Nc5 25. Qf4 b3 26. Qd4+ Kg8 27. Re3 Qf7 28. Rae1 Rc7 29. a5 Rd7 30. Rf3 Qe8 31. Qd5+ Kg7 32. h4 h5 33. Qg5 Rc7 34. Qd5 Rd7 35. Rf4 e5 36. Rb4 Qf7 37. Qd2 Qf6 38. Rb6 Qxh4 39. Rxd6 Rf7 40. Rxe5 Ne4 41. Qd4 Qxf2+ 42. Qxf2 Nxf2 43. Red5 Kh6 44. Rd7 Rf4 45. g3 Rf8 46. Rd8 Rf6 47. R5d6 Rf5 48. Rd5 Rf6 49. Rh8+ Kg7 50. Rb8 Ng4 51. Rxb7+ Kh6 52. Rxb3 Re6 53. Rd1 Ra6 54. Ra3 Ne5 55. b4 Nc4 56. Ra2 Kg5 57. Rd5+ Kh6 58. b5 Rf6 59. a6 Ne3 60. Rd4 Rf1+ 61. Kh2 Nf5 62. Rf4 1-0

[Event "Wch-Blitz"]
[Site "Almaty KAZ"]
[Date "2022.12.29"]
[Round "8"]
[White "Artemiev, Vladislav"]
[Black "Hansen, Eric"]
[Result "1-0"]
[WhiteElo "2803"]
[BlackElo "2568"]
[PlyCount "85"]
[GameId "2130307565381981"]
[EventDate "2022.12.29"]
[EventType "swiss (blitz)"]
[EventRounds "21"]
[EventCountry "KAZ"]
[SourceTitle "10 Days #709"]
[Source "ChessMix"]
[SourceDate "2023.01.01"]
[SourceVersion "1"]
[SourceVersionDate "2023.01.01"]
[SourceQuality "1"]

1. Nf3 Nf6 2. c4 g6 3. b3 Bg7 4. Bb2 b6 5. g3 Bb7 6. Bg2 c5 7. O-O d6 8. e3 O-O 9. d4 e6 10. Qe2 Qc7 11. Nc3 a6 12. Rfd1 Nbd7 13. a4 Rad8 14. Nd2 Bxg2 15. Kxg2 cxd4 16. exd4 Qb7+ 17. Qf3 d5 18. a5 bxa5 19. cxd5 exd5 20. Rxa5 Nb8 21. Rda1 Rfe8 22. Kg1 h5 23. Na4 Ne4 24. Nxe4 dxe4 25. Qe3 Nc6 26. Nc5 Qc8 27. R5a4 a5 28. Rc1 Qf5 29. Nb7 Rd7 30. Rxc6 Rxb7 31. Rc5 Qg4 32. Kg2 Qf3+ 33. Qxf3 exf3+ 34. Kxf3 Rxb3+ 35. Bc3 Bf8 36. Raxa5 Bxc5 37. Rxc5 f6 38. d5 Rb6 39. Bd2 Kf7 40. Be3 Ra6 41. Rb5 g5 42. h4 g4+ 43. Kg2 1-0

[Event "Wch-Blitz"]
[Site "Almaty KAZ"]
[Date "2022.12.29"]
[Round "9"]
[White "Hansen, Eric"]
[Black "Matlakov, Maxim"]
[Result "0-1"]
[WhiteElo "2568"]
[BlackElo "2674"]
[PlyCount "86"]
[GameId "2130307565390274"]
[EventDate "2022.12.29"]
[EventType "swiss (blitz)"]
[EventRounds "21"]
[EventCountry "KAZ"]
[SourceTitle "10 Days #709"]
[Source "ChessMix"]
[SourceDate "2023.01.01"]
[SourceVersion "1"]
[SourceVersionDate "2023.01.01"]
[SourceQuality "1"]

1. e4 e5 2. Nf3 Nc6 3. Bb5 a6 4. Ba4 Nf6 5. O-O Nxe4 6. d4 b5 7. Bb3 d5 8. dxe5 Be6 9. c3 Bc5 10. Qe2 O-O 11. Be3 Bxe3 12. Qxe3 f6 13. exf6 Qxf6 14. Nbd2 Nxd2 15. Qxd2 Kh8 16. Rfe1 Rad8 17. Nd4 Bg8 18. a4 Ne5 19. Rxe5 Qxe5 20. Nc6 Qd6 21. Nxd8 Rxd8 22. axb5 axb5 23. Qd3 c5 24. Qg3 Qf6 25. h3 c4 26. Bc2 d4 27. cxd4 Qxd4 28. Rd1 Qf6 29. Rxd8 Qxd8 30. Qe3 Qf6 31. Qc3 Qd6 32. g3 b4 33. Qe1 b3 34. Bb1 Qd4 35. Qc1 h6 36. h4 Bd5 37. Qe1 Qxb2 38. Qe8+ Bg8 39. Be4 Qd4 40. Bf5 Qf6 41. Be4 Qe6 42. Qa8 c3 43. h5 c2 0-1